|
|
|
|
| LEADER |
01660nam a2200301 a 4500 |
| 001 |
0020923 |
| 003 |
BD-DhAAL |
| 008 |
110419s1982 bg w 000 0 eng d |
| 040 |
|
|
|a BD-DhAAL
|c BD-DhAAL
|
| 082 |
0 |
0 |
|a 348.5492/046
|2 22
|
| 130 |
0 |
|
|a DLR
|9 4109
|
| 245 |
0 |
4 |
|a The Dhaka law reports :
|b table of cases of the appellate division of the supreme court of Bangladesh.
|n Volume XXXIV.
|
| 246 |
1 |
7 |
|a The Dhaka Law Reports.
|
| 260 |
|
|
|a Dhaka :
|b Dacca Law Reports,
|c 1982.
|
| 300 |
|
|
|a 397, 428,168, 37 p. :
|c 25 cm
|
| 362 |
0 |
|
|a Vol. 34 (1982)
|
| 500 |
|
|
|a "A journal of law reports."
|
| 500 |
|
|
|a Latest issue consulted: Vol.XXXIV,January to December,1982
|
| 526 |
|
|
|a SOL
|x Saira Rahman Khan,
Associate Professor
School of Law
BRAC University
|
| 541 |
|
|
|e 0020923, 0022319
|a Anupam Gyan Bhandar
|
| 590 |
|
|
|a Published yearly.
|
| 650 |
|
0 |
|a Law reports, digests, etc.
|z Bangladesh.
|9 4110
|
| 852 |
4 |
|
|a Ayesha Abed Library
|c Reference shelf
|
| 942 |
|
|
|2 ddc
|c 1HOUR
|0 4
|
| 999 |
|
|
|c 10725
|d 10725
|
| 952 |
|
|
|0 0
|1 0
|2 ddc
|4 0
|6 348_549204600000000_DHA
|7 0
|8 REF
|9 16140
|a BRACUL
|b BRACUL
|c REF
|d 2011-04-19
|l 2
|o 348.5492046 DHA
|p 3010022319
|r 2013-10-02
|s 2013-10-02
|t 2
|w 2011-04-19
|y 1HOUR
|x Available
|
| 952 |
|
|
|0 0
|1 0
|2 ddc
|4 0
|6 348_549204600000000_DHA
|7 0
|8 REF
|9 24019
|a BRACUL
|b BRACUL
|c REF
|d 2014-03-24
|e Anupam Gyan Bhandar
|l 10
|o 348.5492046 DHA
|p 3010020923
|r 2017-09-20
|s 2017-09-20
|t 1
|w 2014-03-24
|y 1HOUR
|x Requisitioned by Saira Rahman Khan, Associate Professor, School of Law, BRAC University.
|
| 952 |
|
|
|0 0
|1 0
|2 ddc
|4 0
|6 348_549200000000000_046_DHA
|7 0
|8 REF
|9 54135
|a BRACUL
|b BRACUL
|c REF
|d 2015-06-08
|g 994.00
|l 12
|o 348.5492046 DHA
|p 3010029140
|r 2018-07-18
|s 2018-07-18
|t 3
|w 2015-06-08
|y 1HOUR
|